Bilecik Bilecik Bilecik Bilecik Bilecik

E.L.E. etkili liderlik eğitimi = (Record no. 9903)

MARC details
000 -BAŞLIK
Sabit Uzunluktaki Kontrol Alanı 01405nam a22003977a 4500
001 - KONTROL NUMARASI
Control Dosyası 0009931
003 - KONTROL NUMARASI KİMLİĞİ
Kontrol Alanı KOHA_MİRAKIL
005 - EN SON İŞLEM TARİHİ ve ZAMANI
Kontrol Alanı 20260207001727.0
007 - FİZİKSEL TANIM SABİT ALAN - GENEL BİLGİ
Sabit uzunluklu kontrol alanı ta
008 - SABİT UZUNLUKTAKİ VERİ ÖGELERİ - GENEL BİLGİ
Sabit Alan 091027b2007 tu |||gr||||#||||0|tur |
020 ## - ISBN - ULUSLARARASI STANDART KİTAP NUMARASI
Isbn 978975322043X
040 ## - KATALOGLAMA KAYNAĞI
Özgün Kataloglama Kurumu TR-BiSEU
Kataloglama Dili tur
Çeviri Kurumu TR-BiSEU
Açıklama Kuralları rda
041 0# - DİL KODU
Metin ya da ses kaydının dil kodu tur
044 ## - YAYINLAYAN/ÜRETEN KURULUŞUN ÜLKE KODU
ISO country code tu
050 ## - SINIFLAMA ve YER NUMARASI
Sınıflama Numarası BF637
Yer Numarası .G67 2007
100 1# - KİŞİ ADI
Yazar Adı (Kişi adı) Gordon, Thomas.
240 10 - TEK BİÇİM BAŞLIK
Tekbiçim Başlık <a href="leader effectiveness training L.E.T. : the no-lose way to relase the productive potential of people">leader effectiveness training L.E.T. : the no-lose way to relase the productive potential of people</a>
Language of a work Türkçe
245 1# - ESER ADI BİLDİRİMİ
Başlık E.L.E. etkili liderlik eğitimi =
Alt Eseradı vb. leader effectiveness training L.E.T. :
-- the no-lose way to relase the productive potential of people/
Sorumluluk Bildirimi Thomas Gordon ; Thomas Gordon; çeviren Emel Aksay; editör Birsen Özkan.
264 #1 - ÜRERİM, YAYIN, DAĞITIM ve TELİF BİLDİRİMİ
Yayın yeri İstanbul :
Yayınlayan Sistem
Yayın tarihi 2007
300 ## - FİZİKSEL TANIMLAMA
Sayfa, Cilt vb. XIV, 256 sayfa
336 ## - İÇERİK TÜRÜ
Content type term metin
Content type code txt
Source rdacontent
337 ## - MEDYA TÜRÜ
Media type term aracısız
Media type code n
Source rdamedia
338 ## - TAŞIYICI TÜRÜ
Carrier type term cilt
Carrier type code nc
Source rdacarrier
490 1# - DİZİ BİLDİRİMİ
Dizi Bildirimi Sistem yayıncılık ;
Cilt Numarası 136.
490 1# - DİZİ BİLDİRİMİ
Dizi Bildirimi Etkili eğitim dizisi
500 ## - GENEL NOT
Genel Not Kaynakça var.
650 #0 - KONU BAŞLIĞI EK GİRİŞ - KONU TERİMİ
Konusal terim veya coğrafi ad Liderlik.
9 (RLIN) 3701
650 #0 - KONU BAŞLIĞI EK GİRİŞ - KONU TERİMİ
Konusal terim veya coğrafi ad Örgütsel davranış.
9 (RLIN) 3926
650 #0 - KONU BAŞLIĞI EK GİRİŞ - KONU TERİMİ
Konusal terim veya coğrafi ad Yöneticilik yeteneği.
9 (RLIN) 6562
650 #0 - KONU BAŞLIĞI EK GİRİŞ - KONU TERİMİ
Konusal terim veya coğrafi ad Leadership.
9 (RLIN) 6507
650 #0 - KONU BAŞLIĞI EK GİRİŞ - KONU TERİMİ
Konusal terim veya coğrafi ad Organizational behavior.
9 (RLIN) 3925
650 #0 - KONU BAŞLIĞI EK GİRİŞ - KONU TERİMİ
Konusal terim veya coğrafi ad Executive ability.
9 (RLIN) 6506
830 1# - SERİ EK GİRİŞİ - TEKBİÇİM ESER ADI
Tekbiçim Başlık Sistem yayıncılık ;
Volume number/sequential designation 136.
9 (RLIN) 5540
830 1# - SERİ EK GİRİŞİ - TEKBİÇİM ESER ADI
Tekbiçim Başlık Etkili eğitim dizisi
9 (RLIN) 24513
942 ## - EK GİRİŞ ÖGELERİ (KOHA)
Source of classification or shelving scheme Library of Congress Classification
Koha item type Book
Holdings
Materyal Türü Kalıcı Konum Mevcut Konum Raf Yeri Sınıflandırma Kaynağı Edinim Bilgisi Ana Konular Alt Konular Yer Numarası Demirbaş Numarası Fatura Tarihi Maliyet, Alış Fiyatı Maliyet, Yenileme Fiyatı Geri Çekilme Durumu Kayıp Durumu Hasarlı Durumu Kredi için değil Kayıt Tarih Toplam Ödünçverme Son Görülme Tarihi Son Kontrol Tarihi Genel / Bağış Notu
Book Prof. Dr. Azmi Özcan Kütüphanesi Prof. Dr. Azmi Özcan Kütüphanesi Uluğbey Salonu Library of Congress Classification Bağış FELSEFE, PSİKOLOJİ, DİN Psikoloji BF637 .G67 2007 0009931 13/08/2010 15.00 15.00         27/10/2009 2 05/12/2024 05/12/2024 Genel Bağış